000 00752nam a2200265Ia 4500
003 OSt
005 20220926015357.0
006 a|||||r|||| 00| 0
007 ta
008 220923b |||||||| |||| 00| 0 eng d
020 _a019513995X
037 _cGeneral Book
040 _aRTL
_cRTL
_beng
041 _2eng
_aeng
082 _aX:71, P3/TD
100 _aSalvatore Dominick
_928318
245 0 _aMicroeconomics
_b Theory and applications
250 _a4
260 _aNew York
_bOxford University Press USA
_c2003
300 _axii,724p
_ccm.
500 _aAppendix P 657-715; Glossary P 699-715
650 _aMicroeconomics
942 _hX:71, P3/TD
_cGB
_2CC
999 _c631327
_d631327